| 000 | 00945cam a22002411 4500 | ||
|---|---|---|---|
| 001 | it 01000253 | ||
| 003 | DLC | ||
| 005 | 20260227111518.0 | ||
| 008 | 970407s1876 it 000 0 lat | ||
| 010 | _ait 01000253 | ||
| 035 | _a(OCoLC)36687057 | ||
| 040 |
_aDLC _cOCU _dDLC |
||
| 042 | _apremarc | ||
| 050 | 0 | 0 |
_aAS222 _b.F5 no. 3 |
| 100 | 1 |
_aVitelli, Girolamo, _d1849-1935. |
|
| 245 | 1 | 0 | _aIn Hegesippi oratione De Halonneso codicum Florentinorum lectionis discrepantiam descripsit Hieronymus Vitelli. |
| 260 |
_aFirenze, _bCoi tipi dei successori Le Monnier, _c1876. |
||
| 300 |
_a12 p. _c27 cm. |
||
| 440 | 0 |
_aPubblicazioni del R. Istituto di studi superiori pratici e di perfezionamento in Firenze. Sezione di filosofia e filologia. _vvol. II, dispensa 2a. [no. 8] |
|
| 500 | _aCover title. | ||
| 500 | _aDouble pagination. | ||
| 600 | 0 | 0 |
_aHegesippus, _dapproximately 390 B.C.-approximately 325 B.C. _tDe Halonneso _xCriticism, Textual. |
| 999 |
_c34856 _d34856 |
||